000 00647nam a2200229Ia 4500
005 20241129110959.0
008 241129s9999||||xx |||||||||||||| ||und||
020 _a978-93-91144-70-8
037 _aTB
040 _aCRL
_beng
_cCRL
041 _aeng
_2eng
084 _aV247 R2
_qCRL
100 _aHangloo Rattan Lal Au.
245 0 _aKashmir: before the accession and after
_cHangloo Rattan Lal Au.
260 _aNew Delhi, India
_bPrimus Books
_c2022
300 _axi,234p.
365 _aINR
_b1295
546 _aTranslated from Sanskrit to English
650 _a History
942 _cTB
_hV247 R2
999 _c1228387
_d1228387